Top 20 Biggest albums right now(Billboard) - Statistics

General Stats
  • This quiz has been taken 17 times
  • The average score is 5 of 20
Answer Stats
Rank Album Artist % Correct
#5 Hit Me Hard And Soft Billie Eilish
82%
#18 Brat Charli xcx
76%
#3 Short n' Sweet Sabrina Carpenter
76%
#1 CHROMAKOPIA Tyler, The Creator
71%
#8 TTPD Taylor Swift
53%
#12 SOS SZA
41%
#6 TRAFOAMP Chappell Roan
41%
#10 Stick Season Noah Kahan
35%
#4 The Secret Of Us Gracie Abrams
24%
#17 Dangerous Morgan Wallen
6%
#11 Glorious GloRilla
6%
#7 One Thing At A Time Morgan Wallen
6%
#19 TGABS Zach Bryan
6%
#13 Beautifully Broken Jelly Roll
0%
#16 F-1 Trillion Post Malone
0%
#14 Incomodo Tito Double P
0%
#9 Last Lap Rod Wave
0%
#2 Sanctuary TxT
0%
#15 Take Care BigXthaPlug
0%
#20 Zach Bryan Zach Bryan
0%
No matching quizzes found
Score Distribution
Percent of People with Each Score
Percentile by Number Answered
Your Score History
You have not taken this quiz